000 00506nam a2200217Ia 4500
003 0100
008 130303s9999 xx 000 0 und d
020 _a0521422949
040 _cARRUPELIB
050 _aB485.C35 1995
245 4 _aThe Cambridge companion to Aristotle
260 _aCambridge
260 _bCambridge University Press
260 _C1995
300 _axxv
300 _b 404 p. 24 cm
650 _aPHILOSOPHY
650 _bMan
700 _aBarnes, Jonathan ed
942 0 0 _04
999 _c13163
_d13163